00425nam a2200157Ia 4500003000400000008004100004040001600045082001500061100001700076245007000093260003000163300000900193650002000202650002400222650002100246GCL140319s9999 xx 000 0 eng d aGCL / cGCL04a025.5bC H1 aCOOTE, HELEN10aHOW TO MARKET YOUR LIBRARY SERVICE EFFECTIVELY ? / cCOOTE, HELEN a[S.N] : bASLIB ، c1994 a47 P04aLIBRARY SCIENCE04aINFORMATION SCIENCE04aLIBRARY SERVICES